Odpočítanie dane pri registrácii platiteľa

Osoba, ktorá sa stala platiteľom, môže odpočítať daň viažucu sa k majetku, ktorý nadobudla pred dňom, keď sa stala platiteľom, ak tento majetok nebol zahrnutý do daňových výdavkov podľa zákona o dani z príjmov č. 595/2003 Z. z. v znení neskorších predpisov v kalendárnych rokoch predchádzajúcich kale...

Descripción completa

Guardado en:
Detalles Bibliográficos
Autor principal: Válek, Juraj, 1981-
Formato: Capítulo de libro
Lenguaje:eslovaco
Materias:
Etiquetas: Agregar Etiqueta
Sin Etiquetas, Sea el primero en etiquetar este registro!

MARC

LEADER 00000nla a2200000 4500
001 0199893
005 20240502073401.8
041 0 |a slo 
044 |a SK 
245 1 0 |a Odpočítanie dane pri registrácii platiteľa  |c Juraj Válek 
520 |a Osoba, ktorá sa stala platiteľom, môže odpočítať daň viažucu sa k majetku, ktorý nadobudla pred dňom, keď sa stala platiteľom, ak tento majetok nebol zahrnutý do daňových výdavkov podľa zákona o dani z príjmov č. 595/2003 Z. z. v znení neskorších predpisov v kalendárnych rokoch predchádzajúcich kalendárnemu roku, v ktorom sa stala platiteľom, okrem zásob. Daň môžu odpočítať v rozsahu a za podmienok platných v zákone o DPH č. 222/2004 Z. z. v znení neskorších predpisov. 
610 2 0 |a dane 
610 2 0 |a daňovníci 
610 2 0 |a majetok 
610 2 0 |a registrácia 
610 2 0 |a legislatíva 
100 1 |a Válek, Juraj, 1981-